000 01168cam a2200289 a 4500
020 _a9780821369678
020 _a9780821369685
020 _a0821369679
040 _cCaPaEBR
082 _a333 FAO 2013 C323 Or.
245 0 4 _aThe little green data book 2007.
246 1 4 _aLittle green data book 07 :
_bagriculture, forests and biodiversity, energy, emissions and pollution, water and sanitation, environment and health, national accounting aggregates
300 _a240 pages :
_billustrations
500 _aFrom the World Development Indicators.
650 0 _aEconomic history
650 0 _aEconomic development
650 0 _aEconomic indicators
650 0 _aSocial indicators
710 2 _aWorld Bank
710 2 _aebrary, Inc.
710 2 _aThomson Gale (Firm)
710 2 _aSerials Solutions
856 4 0 _uhttps://ezproxy.spl.org/login?url=https://link.gale.com/apps/pub/3HTY/BIG?sid=kbart&u=spl_main
856 4 0 _uhttps://ezproxy.spl.org/login?url=https://link.gale.com/apps/pub/3HTY/AONE?sid=kbart&u=spl_main
856 4 0 _uhttps://ezproxy.spl.org/login?url=https://link.gale.com/apps/pub/3HTY/ITOF?sid=kbart&u=spl_main
942 _cAEDBB
999 _c20521
_d20521